01215nam a2200229 a 450000100100000000500170001000800410002702000180006804000250008610000470011124500590015826000680021730000200028559000260030550000760033195201170040795201170052495201110064195201050075295201110085799900170096800004872520201002061347.0190410s2018 000 spa d a9789945912326 aDO-SdBNPbspacBNPHU1 aCasasnovas Garrido, Juand1918-199897618110aRecuerdos petromacorisanos /cJuan Casasnovas Garrido. aSan José de las Matas, República Dominicana :bOPUS,c2018. a82 p. ;c22 cm. aInventariado, 2019/VM aIncluye datos biográficos del autor en la solapa de la contracubierta 001054708MOaGRbGRcHDd2019-04-10iLF1l0o p48725-30r2020-06-25te. 3w2020-06-25y4ZPréstamo en sala 001054708MOaGRbGRcHDd2019-04-10iLF1l0o p48725-40r2020-06-25te. 4w2020-06-25y4ZPréstamo en sala 001050718MOaGRbGRcHDd2019-04-10iLF1l0o p48725-50r2020-06-25te. 5w2020-06-25y1ZNo se presta 001050718MOaPDbPDcHDd2019-04-10iLF1l0o p48725-10r2020-06-25w2020-06-25y1ZNo se presta 001050718MOaPDbPDcHDd2019-04-10iLF1l0o p48725-20r2020-06-25te. 2w2020-06-25y1ZNo se presta c48213d48213